000 00858nam a2200277 a 4500
001 000081919
005 20200120224639.0
008 161128s2013 ck a gr|||||001|f|spa|d
020 _a9789588296449
041 0 _a*spa
043 _as-ck---
090 _aJN
_bSALs Cangrejo
100 1 _aSalgari, Emilio
245 1 3 _aSandokán/ :
_bel tigre de Malasia /
_cEmilio Salgari ; ilustraciones, Alberto Pez.
250 _a1a. ed.
260 _aBogotá :
_bCangrejo Editores,
_c2013.
300 _a272 páginas
_eilustraciones
490 0 _aColección Emilio Salgari
500 _aIncluye índice
650 1 7 _aPiratas en la literatura
_2LEMB
650 2 7 _aVenganza en la literatura
_2LEMB
650 2 7 _aAventuras en la literatura
_2LEMB
650 2 7 _aNovela italiana
_2LEMB
650 2 7 _aLiteratura juvenil
_2LEMB
700 1 _aPez, Alberto,
_eilustrador
999 _c10328
_d10328